[Event "Prva liga Centalne Srbije 2009"]
[Site "Vrnjacka Banja"]
[Date "2009.09.21"]
[Round "4.1"]
[White "Zlatanovic, Boroljub"]
[Black "Irizanin, Radoje"]
[Result "1-0"]
[WhiteElo "2404"]
[BlackElo "2303"]
[PlyCount "85"]
[EventDate "2009.09.19"]

1. e4 c5 2. g3 d5 3. exd5 Qxd5 4. Nf3 Bg4 5. Bg2 Qe6+ 6. Kf1 Nc6 7. d3 Qd7 8.
Be3 e6 9. Nc3 Nf6 10. h3 Bh5 11. g4 Bg6 12. Nh4 Be7 13. Nxg6 hxg6 14. a3 Rd8
15. Bf3 Nd4 16. Kg2 b6 17. a4 a6 18. g5 Nd5 19. Nxd5 Nxf3 20. Qxf3 Qxd5 21. h4
f5 22. Rae1 e5 23. Qxd5 Rxd5 24. Bd2 Kf7 25. Bc3 Bd6 26. f3 Bb8 27. Re2 Bd6 28.
b3 Bc7 29. f4 Re8 30. Rhe1 e4 31. dxe4 fxe4 32. Rxe4 Rxe4 33. Rxe4 Rd1 34. Re2
b5 35. axb5 axb5 36. Bxg7 Bxf4 37. Bc3 Bc7 38. Rf2+ Ke7 39. h5 gxh5 40. g6 h4
41. Rf7+ Kd6 42. g7 h3+ 43. Kxh3 1-0

[Event "Prva liga Centalne Srbije 2009"]
[Site "Vrnjacka Banja"]
[Date "2009.09.21"]
[Round "4.1"]
[White "Mirkovic, Stevan"]
[Black "Lazic, Dragoljub"]
[Result "0-1"]
[WhiteElo "2245"]
[BlackElo "2317"]
[PlyCount "46"]
[EventDate "2009.09.19"]

1. Nf3 Nf6 2. c4 g6 3. Nc3 Bg7 4. e4 d6 5. d4 O-O 6. Be2 e5 7. O-O Nbd7 8. Be3
Ng4 9. Bg5 f6 10. Bd2 Nh6 11. d5 Nf7 12. b4 f5 13. Qc1 f4 14. Ne1 Nf6 15. c5 g5
16. cxd6 cxd6 17. Bd3 Bd7 18. Nc2 g4 19. Na3 Nh5 20. Nc4 Qh4 21. g3 Qh3 22. Re1
Ng5 23. Qd1 fxg3 0-1

[Event "Prva liga Centalne Srbije 2009"]
[Site "Vrnjacka Banja"]
[Date "2009.09.21"]
[Round "4.1"]
[White "Milosevic, Slavisa"]
[Black "Radivojevic, Miladin"]
[Result "0-1"]
[WhiteElo "2295"]
[BlackElo "2163"]
[PlyCount "65"]
[EventDate "2009.09.19"]

1. e4 c5 2. Nf3 d6 3. d4 cxd4 4. Nxd4 Nf6 5. Nc3 a6 6. g3 e5 7. Nde2 Be6 8. Bg2
Nbd7 9. a4 b6 10. O-O Rc8 11. h3 Qc7 12. Be3 Qc6 13. Nd5 Bxd5 14. exd5 Qb7 15.
f4 g6 16. fxe5 dxe5 17. d6 Qb8 18. Bg5 Bg7 19. Bxf6 Bxf6 20. Nc3 Bd8 21. Bd5
O-O 22. Qf3 Kg7 23. Bb7 Rc4 24. Bxa6 Rb4 25. Nd5 Rd4 26. c3 e4 27. Qg4 Ne5 28.
Qf4 Rxd5 29. c4 Ra5 30. b4 Nd3 31. Qe3 Nxb4 32. Bb5 Qxd6 33. Rad1 0-1

[Event "Prva liga Centalne Srbije 2009"]
[Site "Vrnjacka Banja"]
[Date "2009.09.21"]
[Round "4.2"]
[White "Bojkov, Dejan"]
[Black "Govedarica, Radovan"]
[Result "1-0"]
[WhiteElo "2528"]
[BlackElo "2394"]
[PlyCount "93"]
[EventDate "2009.09.19"]

1. e4 c5 2. c3 d5 3. exd5 Qxd5 4. d4 e6 5. Nf3 Nf6 6. Na3 Qd8 7. Nc2 Be7 8. Bd3
cxd4 9. Ncxd4 O-O 10. O-O a6 11. Bg5 Nbd7 12. Qe2 Re8 13. Rad1 Qc7 14. Bh4 g6
15. Rfe1 Bf8 16. Bg3 Bd6 17. Bxd6 Qxd6 18. Ng5 Nf8 19. Qf3 Qe7 20. Bc4 Rb8 21.
Qg3 Bd7 22. Ndf3 h6 23. Ne4 Nxe4 24. Rxe4 Red8 25. Red4 Ba4 26. b3 Be8 27. Qf4
Kg7 28. h4 f6 29. Qd2 Rxd4 30. Qxd4 e5 31. Qa7 Rc8 32. Bxa6 Rc7 33. Be2 Rxc3
34. Bc4 Bf7 35. Qa5 Rc2 36. Ne1 Rb2 37. Nd3 Rc2 38. Nb4 Rb2 39. Nd5 Qd6 40. Ne3
Qe7 41. h5 Bxc4 42. Nxc4 Rc2 43. hxg6 Kxg6 44. Ne3 Rc5 45. Qb4 f5 46. Nd5 Qd6
47. Nf4+ 1-0

[Event "Prva liga Centalne Srbije 2009"]
[Site "Vrnjacka Banja"]
[Date "2009.09.21"]
[Round "4.2"]
[White "Lapcevic, Milos"]
[Black "Ristic, Nebojsa M"]
[Result "1/2-1/2"]
[WhiteElo "2390"]
[BlackElo "2377"]
[PlyCount "25"]
[EventDate "2009.09.19"]

1. d4 Nf6 2. c4 c5 3. d5 b5 4. cxb5 a6 5. b6 d6 6. Nc3 Qxb6 7. a4 g6 8. a5 Qc7
9. e4 Bg7 10. Bc4 O-O 11. f4 e6 12. Nge2 exd5 13. exd5 1/2-1/2

[Event "Prva liga Centalne Srbije 2009"]
[Site "Vrnjacka Banja"]
[Date "2009.09.21"]
[Round "4.2"]
[White "Djokic, Nenad"]
[Black "Dezelin, Milan"]
[Result "1/2-1/2"]
[WhiteElo "2349"]
[BlackElo "2314"]
[PlyCount "83"]
[EventDate "2009.09.19"]

1. d4 Nf6 2. Nf3 e6 3. g3 b5 4. Bg2 Bb7 5. O-O Be7 6. a4 b4 7. c4 bxc3 8. bxc3
O-O 9. Ba3 d5 10. Ne5 Nfd7 11. Nd3 c5 12. c4 cxd4 13. cxd5 Bxd5 14. Bxd5 exd5
15. Nf4 Nc6 16. Nd2 Nde5 17. Nb3 Bxa3 18. Rxa3 Qd6 19. Ra1 d3 20. Nxd3 Nxd3 21.
Qxd3 Nb4 22. Qd2 Rab8 23. Rfd1 Rfe8 24. Nd4 g6 25. Rab1 a5 26. Nb5 Qd7 27. Kg2
Qe7 28. Rb2 Rec8 29. Qf4 Rb6 30. Rd4 Rbc6 31. Rbd2 Rc1 32. e4 dxe4 33. Nd6 Nd3
34. Qxe4 Ne1+ 35. Kh3 Qxe4 36. Rxe4 Nf3 37. Nxc8 Ng5+ 38. Kg2 Nxe4 39. Re2 f5
40. Ne7+ Kf7 41. Nd5 Rc4 42. f3 1/2-1/2

[Event "Prva liga Centalne Srbije 2009"]
[Site "Vrnjacka Banja"]
[Date "2009.09.21"]
[Round "4.2"]
[White "Djokic, Nebojsa"]
[Black "Stankovic, Dragan P"]
[Result "1-0"]
[WhiteElo "2216"]
[BlackElo "2326"]
[PlyCount "121"]
[EventDate "2009.09.19"]

1. e4 c5 2. Nf3 e6 3. d4 cxd4 4. Nxd4 Nf6 5. Nc3 Nc6 6. Ndb5 d6 7. Bf4 e5 8.
Bg5 a6 9. Na3 b5 10. Bxf6 gxf6 11. Nd5 f5 12. c3 Bg7 13. Bd3 Be6 14. Qh5 h6 15.
O-O Ra7 16. Nc2 f4 17. a4 bxa4 18. Rxa4 a5 19. Rfa1 O-O 20. b4 Bxd5 21. exd5
Ne7 22. Rxa5 Rxa5 23. Rxa5 Qc7 24. c4 Rb8 25. Ra4 e4 26. Bf1 Ng6 27. Qf5 Re8
28. h4 e3 29. Be2 exf2+ 30. Kxf2 Nxh4 31. Qxf4 Nxg2 32. Qg4 Qe7 33. Ra3 f5 34.
Qf3 Nf4 35. Re3 Qh4+ 36. Kf1 Rf8 37. c5 Nxe2 38. Rxe2 dxc5 39. bxc5 Qc4 40. c6
Re8 41. Ne3 Qd3 42. c7 Qb1+ 43. Kg2 f4 44. Nc2 Rf8 45. d6 Qb5 46. Rd2 Qg5+ 47.
Kf1 Qb5+ 48. Qd3 Qd7 49. Qf3 Kh8 50. Nb4 Qb5+ 51. Qd3 Qxb4 52. d7 Qb7 53. d8=Q
Qh1+ 54. Kf2 Qh2+ 55. Ke1 Qg1+ 56. Qf1 Qe3+ 57. Re2 Qc1+ 58. Kf2 Qc5+ 59. Kg2
Qc6+ 60. Qf3 Qg6+ 61. Kh2 1-0

[Event "Prva liga Centalne Srbije 2009"]
[Site "Vrnjacka Banja"]
[Date "2009.09.21"]
[Round "4.2"]
[White "Obradovic, Blazimir"]
[Black "Madjar, Stanislav"]
[Result "0-1"]
[WhiteElo "2207"]
[BlackElo "2171"]
[PlyCount "84"]
[EventDate "2009.09.19"]

1. d4 Nf6 2. c4 e6 3. Nc3 Bb4 4. f3 c5 5. d5 b5 6. e4 bxc4 7. Bxc4 Nxd5 8. Bxd5
exd5 9. Qxd5 Nc6 10. Nge2 Ba6 11. Be3 O-O 12. a3 Bxc3+ 13. Nxc3 Re8 14. O-O-O
Rb8 15. Bxc5 Re5 16. Qd6 Qg5+ 17. f4 Qxf4+ 18. Kb1 Qg5 19. Bxa7 Rb7 20. Bf2 Re6
21. Qg3 Qa5 22. Ka1 Rg6 23. Qh3 Ne5 24. Rd5 Qc7 25. Rhd1 Bc4 26. Rc5 Rc6 27.
Rxe5 Qxe5 28. Rxd7 Qb8 29. Rd2 Be6 30. Qd3 h6 31. h3 Rd7 32. Qe3 Rxd2 33. Qxd2
Qb3 34. Kb1 Qc4 35. Bd4 Rd6 36. Ne2 Kh7 37. g4 Kg8 38. b4 Qb3+ 39. Kc1 Qxa3+
40. Qb2 Qxh3 41. b5 Qf1+ 42. Kd2 Bxg4 0-1

[Event "Prva liga Centalne Srbije 2009"]
[Site "Vrnjacka Banja"]
[Date "2009.09.21"]
[Round "4.2"]
[White "Ilic, Aleksandar"]
[Black "Djoric, Dusan"]
[Result "1/2-1/2"]
[WhiteElo "2121"]
[BlackElo "2302"]
[PlyCount "93"]
[EventDate "2009.09.19"]

1. e4 e5 2. Nf3 Nc6 3. d4 exd4 4. Bc4 Nf6 5. e5 d5 6. Bb5 Ne4 7. Nxd4 Bd7 8.
Bxc6 bxc6 9. O-O c5 10. Nb3 c6 11. f3 Ng5 12. f4 Ne4 13. N3d2 Nxd2 14. Nxd2 g6
15. Nf3 Bg7 16. Be3 d4 17. Bf2 Be6 18. c3 dxc3 19. bxc3 Qxd1 20. Rfxd1 c4 21.
Nd4 Bd5 22. Nc2 Be4 23. Nb4 a5 24. Rd4 axb4 25. Rxe4 b3 26. Rxc4 bxa2 27. Bc5
Kd7 28. Rd4+ Ke6 29. g4 Bf8 30. Bxf8 Rhxf8 31. Rd6+ Ke7 32. Rd2 Ra4 33. Raxa2
Rxf4 34. Rd4 Rf3 35. Ra7+ Ke6 36. Rd6+ Kxe5 37. Rxc6 Rd3 38. Kf2 Kf4 39. Ra4+
Kg5 40. Rc5+ Kh6 41. g5+ Kg7 42. Rd4 Rh3 43. Kg2 Re3 44. Rc7 Re5 45. h4 Rf5 46.
Kg3 Re8 47. Rf4 1/2-1/2

[Event "Prva liga Centalne Srbije 2009"]
[Site "Vrnjacka Banja"]
[Date "2009.09.21"]
[Round "4.3"]
[White "Spasov, Vasil"]
[Black "Panic, Nenad"]
[Result "1/2-1/2"]
[WhiteElo "2592"]
[BlackElo "2398"]
[PlyCount "78"]
[EventDate "2009.09.19"]

1. e4 e5 2. Bc4 Nf6 3. d3 Nc6 4. Nf3 Bc5 5. O-O O-O 6. Nbd2 a6 7. Bb3 d6 8. c3
Ba7 9. Nc4 Be6 10. Bg5 h6 11. Bh4 g5 12. Bg3 Qd7 13. Re1 Rae8 14. Ne3 Ne7 15.
Bc2 Ng4 16. d4 Nxe3 17. fxe3 f6 18. Kh1 Ng6 19. Rf1 h5 20. h3 h4 21. Bf2 g4 22.
Nxh4 Nxh4 23. Bxh4 Qh7 24. g3 gxh3 25. Rf2 Qg6 26. Qd3 Rf7 27. Raf1 Ref8 28.
Bb3 d5 29. Bc2 c5 30. Kh2 cxd4 31. exd4 exd4 32. exd5 Qxd3 33. Bxd3 Bxd5 34.
Rxf6 dxc3 35. bxc3 Rxf6 36. Bxf6 Bxa2 37. c4 b5 38. cxb5 axb5 39. Bxb5 Be6
1/2-1/2

[Event "Prva liga Centalne Srbije 2009"]
[Site "Vrnjacka Banja"]
[Date "2009.09.21"]
[Round "4.3"]
[White "Raicevic, Vladimir"]
[Black "Brankovic, Dejan"]
[Result "1/2-1/2"]
[WhiteElo "2401"]
[BlackElo "2358"]
[PlyCount "121"]
[EventDate "2009.09.19"]

1. d4 Nf6 2. c4 g6 3. Nc3 Bg7 4. e4 d6 5. f3 O-O 6. Be3 a6 7. Qd2 c6 8. c5 dxc5
9. dxc5 Qxd2+ 10. Kxd2 e5 11. Na4 Be6 12. Nb6 Ra7 13. Bc4 Bxc4 14. Nxc4 a5 15.
Ne2 Nfd7 16. Nc3 Re8 17. Na4 Bf8 18. Rhc1 Na6 19. Nab6 Nxb6 20. Nxb6 Nc7 21.
Rc4 Ne6 22. Ke2 Rd8 23. Rd1 Rxd1 24. Kxd1 f6 25. Kc2 Kf7 26. Rc3 Ra6 27. Na4
Ke8 28. Rb3 Ra7 29. Kd3 Kd7 30. Kc4 Kc7 31. Nb6 Ra6 32. Na4 Be7 33. Rd3 Bf8 34.
g3 Be7 35. f4 exf4 36. gxf4 f5 37. exf5 gxf5 38. Rd2 Ra8 39. Nb6 Rd8 40. Rxd8
Kxd8 41. Na4 Kd7 42. Nc3 Bf8 43. a4 Bg7 44. b3 Bxc3 45. Kxc3 Nc7 46. Bd2 Ke6
47. Kc4 Nd5 48. Bxa5 Nxf4 49. Bc7 Nd5 50. Bb8 f4 51. b4 Kf5 52. b5 Ke4 53. a5
f3 54. Bg3 cxb5+ 55. Kxb5 Ne7 56. Kb6 Ke3 57. Kxb7 Nf5 58. c6 Nxg3 59. hxg3 f2
60. c7 f1=Q 61. c8=Q 1/2-1/2

[Event "Prva liga Centalne Srbije 2009"]
[Site "Vrnjacka Banja"]
[Date "2009.09.21"]
[Round "4.3"]
[White "Prelevic, Dusko"]
[Black "Milosevic, Aleksandar"]
[Result "1-0"]
[WhiteElo "2321"]
[BlackElo "2280"]
[PlyCount "53"]
[EventDate "2009.09.19"]

1. e4 e5 2. Nf3 Nc6 3. Bb5 a6 4. Ba4 d6 5. Bxc6+ bxc6 6. d4 f6 7. Nc3 Ne7 8.
Be3 Ng6 9. h4 h5 10. dxe5 dxe5 11. Qe2 Be6 12. Nd2 Qb8 13. b3 Be7 14. g3 Nf8
15. f4 exf4 16. gxf4 Qb4 17. Na4 f5 18. exf5 Rd8 19. fxe6 Ng6 20. O-O-O O-O 21.
Nc4 Rd5 22. Rhg1 Nxf4 23. Bxf4 Rxf4 24. Rdf1 Rxh4 25. Qf2 Bg5+ 26. Rxg5 Rxg5
27. Qxh4 1-0

[Event "Prva liga Centalne Srbije 2009"]
[Site "Vrnjacka Banja"]
[Date "2009.09.21"]
[Round "4.3"]
[White "Nesic, Nebojsa"]
[Black "Organdziev, Oliver"]
[Result "0-1"]
[WhiteElo "2127"]
[BlackElo "2297"]
[PlyCount "74"]
[EventDate "2009.09.19"]

1. d4 d5 2. c4 Bf5 3. Nc3 e6 4. Nf3 c6 5. g3 Nd7 6. Bg2 h6 7. O-O Ngf6 8. Nh4
Bh7 9. f4 dxc4 10. e4 Be7 11. f5 exf5 12. Nxf5 Bxf5 13. Rxf5 O-O 14. e5 Nh7 15.
h4 g6 16. Qg4 h5 17. Qf3 gxf5 18. Qxf5 Ndf6 19. exf6 Qxd4+ 20. Kh1 Qxf6 21.
Qxh5 Qg6 22. Qf3 Rfd8 23. Bf4 Rd3 24. Qe2 Qe6 25. Qh5 f5 26. Rf1 Qf7 27. Qe2
Bf6 28. Re1 Rad8 29. Qc2 Bg7 30. Bh3 b5 31. Nd1 Bd4 32. b3 cxb3 33. axb3 c5 34.
Rf1 Qe6 35. Bc1 Qe4+ 36. Qg2 Rf8 37. Bh6 Rf6 0-1

[Event "Prva liga Centalne Srbije 2009"]
[Site "Vrnjacka Banja"]
[Date "2009.09.21"]
[Round "4.3"]
[White "Andrejic, Vladica"]
[Black "Stefanovic, Vladimir"]
[Result "1/2-1/2"]
[WhiteElo "2213"]
[BlackElo "2177"]
[PlyCount "42"]
[EventDate "2009.09.19"]

1. d4 Nf6 2. Nf3 g6 3. c4 Bg7 4. Nc3 O-O 5. e4 d6 6. h3 c5 7. d5 e6 8. Bd3 exd5
9. exd5 Re8+ 10. Be3 Bh6 11. O-O Bxe3 12. fxe3 Nbd7 13. Qd2 Kg7 14. e4 Ng8 15.
Rf2 f6 16. Raf1 Ne5 17. Nxe5 Rxe5 18. Bc2 Bd7 19. a4 a6 20. b3 Qa5 21. Bd3 Rf8
1/2-1/2

[Event "Prva liga Centalne Srbije 2009"]
[Site "Vrnjacka Banja"]
[Date "2009.09.21"]
[Round "4.4"]
[White "Janev, Evgeni"]
[Black "Misojcic, Miroslav"]
[Result "1/2-1/2"]
[WhiteElo "2461"]
[BlackElo "2232"]
[PlyCount "122"]
[EventDate "2009.09.19"]

1. e4 c5 2. Nf3 Nc6 3. Bb5 Qb6 4. Nc3 e6 5. a4 Nge7 6. O-O a6 7. Bc4 Ng6 8. d3
Be7 9. Ne1 O-O 10. f4 d6 11. Nf3 Bd7 12. g4 Nd4 13. a5 Nxf3+ 14. Qxf3 Qc7 15.
Qg3 Kh8 16. f5 Ne5 17. Bf4 Nxc4 18. dxc4 Bc6 19. Rad1 Rad8 20. g5 Rfe8 21. e5
dxe5 22. Bxe5 Qc8 23. Bxg7+ Kxg7 24. f6+ Kg8 25. fxe7 Rxd1 26. Nxd1 Rxe7 27.
Ne3 Qc7 28. Qxc7 Rxc7 29. Ng4 Kg7 30. h4 Rd7 31. Ne5 Rc7 32. Rf4 Be8 33. Kf2 h6
34. Ke3 hxg5 35. hxg5 Rc8 36. Re4 Rd8 37. Nd3 Bc6 38. Re5 Rh8 39. Rxc5 Rh2 40.
Nb4 Bh1 41. Kf4 Kg6 42. Nd3 f6 43. gxf6 Kxf6 44. c3 Rh3 45. Ne5 Rh4+ 46. Kg3
Rh8 47. b4 Rg8+ 48. Kf4 Rg1 49. Ng4+ Ke7 50. Rc7+ Kd6 51. Rh7 Re1 52. Nf2 Bc6
53. Rh3 e5+ 54. Kg5 Rg1+ 55. Kh4 Rg2 56. Rd3+ Ke6 57. Nd1 Rg1 58. Rd2 e4 59.
Ne3 Rc1 60. Kg4 Rxc3 61. Kf4 Rb3 1/2-1/2

[Event "Prva liga Centalne Srbije 2009"]
[Site "Vrnjacka Banja"]
[Date "2009.09.21"]
[Round "4.4"]
[White "Urosevic, Zoran"]
[Black "Radovanovic, Dusan"]
[Result "0-1"]
[WhiteElo "2292"]
[BlackElo "2352"]
[PlyCount "84"]
[EventDate "2009.09.19"]

1. g3 e5 2. c4 Nf6 3. Bg2 Nc6 4. Nc3 g6 5. Nf3 Bg7 6. O-O d6 7. d3 O-O 8. Rb1
a5 9. a3 Re8 10. Nd2 Bg4 11. h3 Bd7 12. b4 axb4 13. axb4 Qc8 14. Kh2 Nd4 15. e3
Nf5 16. Nb3 h5 17. e4 Nd4 18. Nxd4 exd4 19. Ne2 h4 20. Bb2 hxg3+ 21. fxg3 c5
22. b5 Be6 23. Nf4 Nd7 24. Nxe6 Rxe6 25. h4 Ne5 26. Bh3 Qe8 27. Kg2 Rf6 28.
Rxf6 Bxf6 29. Qb3 Qd8 30. Rf1 Bg7 31. Kf2 Qa5 32. Ke2 Bh6 33. Rd1 Be3 34. b6
Ra6 35. Bc1 Qa2+ 36. Qxa2 Rxa2+ 37. Bd2 Rb2 38. Bc8 Bxd2 39. Rxd2 Rxb6 40. g4
Kg7 41. Kf2 Rb3 42. Ke2 b6 0-1

[Event "Prva liga Centalne Srbije 2009"]
[Site "Vrnjacka Banja"]
[Date "2009.09.21"]
[Round "4.4"]
[White "Zivkovic, Ivan B"]
[Black "Pantelic, Sasa"]
[Result "0-1"]
[WhiteElo "2341"]
[BlackElo "2320"]
[PlyCount "70"]
[EventDate "2009.09.19"]

1. e4 c5 2. Nf3 d6 3. d4 cxd4 4. Nxd4 Nf6 5. Nc3 g6 6. Be3 Bg7 7. f3 O-O 8. Qd2
Nc6 9. Bc4 Bd7 10. O-O-O Rb8 11. Nd5 Ne5 12. Be2 b5 13. Bh6 Nxd5 14. Bxg7 Kxg7
15. exd5 Nc4 16. Bxc4 bxc4 17. h4 Qb6 18. Qc3 Kg8 19. Rhe1 Rfe8 20. a3 Qc5 21.
h5 gxh5 22. Ne2 Bf5 23. Ng3 Bg6 24. Rh1 Rb7 25. Nxh5 f6 26. Nf4 Reb8 27. Nxg6
hxg6 28. Rd4 Rxb2 29. Rhh4 e5 30. dxe6 Qg5+ 31. Rdf4 Rb1+ 32. Kd2 Qxg2+ 33. Ke3
Qg1+ 34. Ke2 Qf1+ 35. Ke3 Re1+ 0-1

[Event "Prva liga Centalne Srbije 2009"]
[Site "Vrnjacka Banja"]
[Date "2009.09.21"]
[Round "4.4"]
[White "Lazic, Zeljko"]
[Black "Dudukovic, Nikola"]
[Result "1/2-1/2"]
[WhiteElo "2181"]
[BlackElo "2210"]
[PlyCount "80"]
[EventDate "2009.09.19"]

1. e4 c5 2. Nf3 e6 3. c3 d5 4. exd5 Qxd5 5. d4 Nf6 6. Be3 cxd4 7. cxd4 Nc6 8.
Nc3 Bb4 9. Bd3 O-O 10. O-O Qd8 11. Qe2 Re8 12. Rfd1 Qa5 13. Rac1 e5 14. Ne4
Nxe4 15. Bxe4 exd4 16. Bxc6 bxc6 17. Nxd4 Bf8 18. Qf3 Bd7 19. a3 c5 20. Nb3 Qb5
21. Bxc5 Bxc5 22. Nxc5 Bc6 23. Qc3 Re2 24. Nd3 Bxg2 25. Kxg2 Qd5+ 26. Kg1 Qg5+
27. Kf1 Rae8 28. Re1 Qd5 29. Qc6 Qxd3 30. Rxe2 Qxe2+ 31. Kg1 h6 32. Rc3 Re6 33.
Qa8+ Kh7 34. Qxa7 Qg4+ 35. Rg3 Re1+ 36. Kg2 Qc4 37. Qd7 Qf1+ 38. Kf3 Qe2+ 39.
Kg2 Qf1+ 40. Kf3 Qe2+ 1/2-1/2

[Event "Prva liga Centalne Srbije 2009"]
[Site "Vrnjacka Banja"]
[Date "2009.09.21"]
[Round "4.4"]
[White "Kolarevic, Darko"]
[Black "Micic, Nenad"]
[Result "0-1"]
[WhiteElo "2179"]
[BlackElo "2247"]
[PlyCount "68"]
[EventDate "2009.09.19"]

1. d4 Nf6 2. c4 c5 3. d5 b5 4. cxb5 a6 5. bxa6 Bxa6 6. Nc3 g6 7. e4 Bxf1 8.
Kxf1 d6 9. g3 Bg7 10. Kg2 Nbd7 11. Nf3 O-O 12. Re1 Ng4 13. Qe2 Qa5 14. Bd2 Rfb8
15. Nd1 Qb6 16. h3 Nge5 17. Nxe5 Bxe5 18. Bc3 Bxc3 19. bxc3 Ra3 20. f4 Nf6 21.
Qf3 Rba8 22. Re2 Qb5 23. Rc2 Qc4 24. Nf2 R8a4 25. Re1 Rxa2 26. Rxa2 Rxa2 27.
Re3 Rc2 28. g4 Rc1 29. Kg3 Rg1+ 30. Kh4 h6 31. Rd3 Nh7 32. e5 dxe5 33. fxe5 Kg7
34. Ne4 Qa4 0-1

[Event "Prva liga Centalne Srbije 2009"]
[Site "Vrnjacka Banja"]
[Date "2009.09.21"]
[Round "4.4"]
[White "Misic, Dragan"]
[Black "Pajic, Milomir"]
[Result "1-0"]
[WhiteElo "2300"]
[BlackElo "2198"]
[PlyCount "65"]
[EventDate "2009.09.19"]

1. d4 d5 2. Nf3 Nf6 3. c4 e6 4. Nc3 Be7 5. Bg5 O-O 6. e3 b6 7. cxd5 Nxd5 8.
Bxe7 Qxe7 9. Nxd5 exd5 10. Qb3 Be6 11. Ne5 c5 12. Be2 c4 13. Qc2 f6 14. Nf3 Nd7
15. O-O b5 16. Nd2 Nb6 17. Rfe1 Qd7 18. Bf3 Bf5 19. e4 dxe4 20. Bxe4 Bxe4 21.
Rxe4 Nd5 22. a3 Rac8 23. Rae1 Rc6 24. h3 Rfc8 25. Nb1 a5 26. Nc3 b4 27. Na4 Qd6
28. Nc5 Nb6 29. Qe2 Rf8 30. Re8 Rc8 31. Re7 Qxd4 32. Rxg7+ Kh8 33. Qh5 1-0

[Event "Prva liga Centalne Srbije 2009"]
[Site "Vrnjacka Banja"]
[Date "2009.09.21"]
[Round "4.5"]
[White "Marinkovic, Slavisa"]
[Black "Savicevic, Vlatko"]
[Result "1/2-1/2"]
[WhiteElo "2397"]
[BlackElo "2331"]
[PlyCount "39"]
[EventDate "2009.09.19"]

1. e4 d6 2. d4 Nf6 3. Nc3 g6 4. g3 Bg7 5. Bg2 O-O 6. Nge2 e5 7. h3 Nc6 8. Be3
Bd7 9. O-O exd4 10. Nxd4 Re8 11. Re1 a6 12. a4 Rb8 13. f4 Nxd4 14. Bxd4 c5 15.
Bf2 Bc6 16. Qd3 Qb6 17. Rab1 Qc7 18. b4 cxb4 19. Rxb4 Rbc8 20. Rc4 1/2-1/2

[Event "Prva liga Centalne Srbije 2009"]
[Site "Vrnjacka Banja"]
[Date "2009.09.21"]
[Round "4.5"]
[White "Simic, Dragisa"]
[Black "Certic, Branimir"]
[Result "0-1"]
[WhiteElo "2348"]
[BlackElo "2413"]
[PlyCount "46"]
[EventDate "2009.09.19"]

1. e4 d5 2. exd5 Qxd5 3. Nc3 Qd6 4. d4 c6 5. g3 Bf5 6. Nf3 e6 7. Ne5 Nf6 8. Bf4
Qb4 9. Nc4 Nd5 10. a3 Qe7 11. Nd6+ Kd8 12. Nxf5 exf5+ 13. Be2 Nxf4 14. gxf4 Qh4
15. d5 Bc5 16. dxc6+ Ke8 17. Rf1 bxc6 18. Qd2 h5 19. O-O-O Rh6 20. Nb5 Na6 21.
Nd4 Rd8 22. Nxf5 Rxd2 23. Nxh4 Rxe2 0-1

[Event "Prva liga Centalne Srbije 2009"]
[Site "Vrnjacka Banja"]
[Date "2009.09.21"]
[Round "4.5"]
[White "Stamenkovic, Dragan"]
[Black "Adzic, Momcilo"]
[Result "1/2-1/2"]
[WhiteElo "2391"]
[BlackElo "2258"]
[PlyCount "90"]
[EventDate "2009.09.19"]

1. d4 d5 2. Nc3 Nf6 3. Bg5 Nbd7 4. Qd3 c6 5. e4 dxe4 6. Nxe4 h6 7. Bxf6 Nxf6 8.
Nf3 Nxe4 9. Qxe4 Qa5+ 10. c3 Bf5 11. Qe3 e6 12. Ne5 Bd6 13. Nc4 Qc7 14. g3 O-O
15. Bg2 Rfe8 16. Nxd6 Qxd6 17. f4 a5 18. O-O a4 19. Rf2 Ra5 20. a3 Rd8 21. Bf3
Qc7 22. Rd1 Rb5 23. Rdd2 Qa5 24. Qe2 Qc7 25. Qc4 Ra5 26. Qb4 Rda8 27. Rfe2 Rb5
28. Qc4 Qb6 29. Kg2 Rba5 30. h4 Bg6 31. Qb4 Qc7 32. Re5 R5a7 33. h5 Bf5 34. Qc4
Qd7 35. Rde2 Ra5 36. R5e3 Rf8 37. Qb4 Qc7 38. Re5 Rxe5 39. dxe5 Ra8 40. Rd2 Bb1
41. Qd6 Qb6 42. Qd4 Qc7 43. Qd7 Qb6 44. Qd4 Qc7 45. Qd7 Qb6 1/2-1/2

[Event "Prva liga Centalne Srbije 2009"]
[Site "Vrnjacka Banja"]
[Date "2009.09.21"]
[Round "4.5"]
[White "Rajevic, Gavrilo"]
[Black "Jesic, Dusan"]
[Result "1-0"]
[WhiteElo "2275"]
[BlackElo "2395"]
[PlyCount "111"]
[EventDate "2009.09.19"]

1. e4 c5 2. Nf3 d6 3. d4 cxd4 4. Nxd4 Nf6 5. Nc3 a6 6. Bc4 e6 7. Bb3 Nbd7 8. f4
Nc5 9. Qf3 b5 10. f5 e5 11. Nc6 Qd7 12. Nb4 Nxb3 13. axb3 Bb7 14. Be3 Be7 15.
O-O O-O 16. Rad1 Rac8 17. Nbd5 Nxd5 18. exd5 f6 19. Rd2 b4 20. Ne4 Qb5 21. g4
Kh8 22. Rfd1 Rc7 23. h4 Qd7 24. Ng3 Rfc8 25. Qe4 Qb5 26. g5 a5 27. Rg2 a4 28.
Nh5 fxg5 29. hxg5 Bf8 30. g6 a3 31. bxa3 bxa3 32. f6 a2 33. Qh4 gxf6 34. Nxf6
Bxd5 35. Nxd5 Qxd5 36. Rxd5 a1=Q+ 37. Kh2 Qc3 38. Bg5 Kg8 39. Rd3 Qc6 40. Bd8
h6 41. Bxc7 Rxc7 42. g7 Bxg7 43. Qd8+ Kh7 44. Qxd6 Qxd6 45. Rxd6 Re7 46. Re2 e4
47. Kg2 h5 48. c4 e3 49. c5 Bf8 50. Rd5 Re6 51. Rxh5+ Kg6 52. Rd5 Kf7 53. Kf3
Bh6 54. Rd6 Rxd6 55. cxd6 Ke6 56. Rxe3+ 1-0

[Event "Prva liga Centalne Srbije 2009"]
[Site "Vrnjacka Banja"]
[Date "2009.09.21"]
[Round "4.5"]
[White "Jovanovic, Zoran Z"]
[Black "Jakovljevic, Marko"]
[Result "1-0"]
[WhiteElo "2354"]
[BlackElo "2002"]
[PlyCount "62"]
[EventDate "2009.09.19"]

1. c4 Nf6 2. g3 e6 3. Bg2 d5 4. Nf3 b6 5. O-O Bb7 6. d4 Be7 7. cxd5 exd5 8. Nc3
O-O 9. Ne5 Nbd7 10. Qa4 Nxe5 11. dxe5 Ne8 12. Nxd5 Bxd5 13. Rd1 c6 14. e4 Nc7
15. exd5 cxd5 16. Be3 Re8 17. Qb3 Bc5 18. Bxc5 bxc5 19. Bxd5 Nxd5 20. Rxd5 Qb6
21. Qc3 Rac8 22. b3 Qe6 23. Rad1 g6 24. Rxc5 Rxc5 25. Qxc5 Qxe5 26. Qxa7 Qe2
27. Qd7 Re7 28. Qd3 Qe6 29. Qd5 Qb6 30. Qd8+ Qxd8 31. Rxd8+ Kg7 1-0

[Event "Prva liga Centalne Srbije 2009"]
[Site "Vrnjacka Banja"]
[Date "2009.09.21"]
[Round "4.5"]
[White "Draskovic, Dragan"]
[Black "Kosanovic, Dragan"]
[Result "1/2-1/2"]
[WhiteElo "2124"]
[BlackElo "2314"]
[PlyCount "32"]
[EventDate "2009.09.19"]

1. d4 Nf6 2. c4 e6 3. Nf3 c5 4. e3 d5 5. dxc5 Bxc5 6. a3 a5 7. Nc3 Nc6 8. Be2
O-O 9. O-O Qd6 10. Qc2 Rd8 11. Rd1 Qe7 12. h3 h6 13. b3 d4 14. exd4 Nxd4 15.
Nxd4 Rxd4 16. Bb2 Rxd1+ 1/2-1/2

[Event "Prva liga Centalne Srbije 2009"]
[Site "Vrnjacka Banja"]
[Date "2009.09.21"]
[Round "4.6"]
[White "Boskovic, Drasko"]
[Black "Petkov, Vladimir"]
[Result "0-1"]
[WhiteElo "2436"]
[BlackElo "2456"]
[PlyCount "66"]
[EventDate "2009.09.19"]

1. e4 e5 2. Nf3 Nc6 3. Bc4 Nf6 4. d4 exd4 5. e5 d5 6. Bb5 Nd7 7. O-O Nc5 8. Bg5
Be7 9. Bxe7 Qxe7 10. Qxd4 O-O 11. Bxc6 bxc6 12. Nc3 Rb8 13. b3 Bf5 14. Qe3 Ne6
15. Qxa7 Qb4 16. Ne2 c5 17. a3 Qb5 18. Nc3 Qc6 19. Qa4 Qb7 20. b4 d4 21. Ne2
Be4 22. Ne1 c4 23. c3 d3 24. Ng3 d2 25. Nxe4 Qxe4 26. Nf3 Nf4 27. Kh1 Rbd8 28.
Qd1 Rd3 29. Ra2 Rfd8 30. a4 Ne2 31. Rxd2 Rxd2 32. Nxd2 Qd3 33. Qb1 Qxd2 0-1

[Event "Prva liga Centalne Srbije 2009"]
[Site "Vrnjacka Banja"]
[Date "2009.09.21"]
[Round "4.6"]
[White "Paunovic, Tomislav"]
[Black "Pancevski, Filip"]
[Result "1-0"]
[WhiteElo "2355"]
[BlackElo "2432"]
[PlyCount "71"]
[EventDate "2009.09.19"]

1. d4 g6 2. c4 Bg7 3. Nc3 d6 4. e4 Nd7 5. Be3 e5 6. d5 Ne7 7. Bd3 O-O 8. Nge2
f5 9. f3 c5 10. dxc6 Nxc6 11. Qd2 Nc5 12. O-O-O Ne6 13. Bc2 f4 14. Bf2 Qg5 15.
Rhg1 Rd8 16. Kb1 Qf6 17. Nb5 Bf8 18. Nec3 Qf7 19. Nd5 b6 20. a3 Bb7 21. Bb3 Kh8
22. Ba2 Qd7 23. Bh4 g5 24. Bf2 Rac8 25. h4 Qg7 26. hxg5 Qxg5 27. Rh1 Qg6 28.
Rh4 Bg7 29. Rdh1 h6 30. Rg4 Qh7 31. Bh4 Rf8 32. Nxd6 Ba6 33. c5 Nxc5 34. Ne7
Nxe7 35. Bxe7 Nxe4 36. fxe4 1-0